| 000 | 00578nam a22001697a 4500 | ||
|---|---|---|---|
| 005 | 20251108164215.0 | ||
| 008 | 250721s1978 xx 000 0 ara d | ||
| 082 | 1 | 4 | _a301.36/محم |
| 100 | 1 | _aنور، محمد عبد المنعم | |
| 245 | 1 | 0 |
_aالحضارة و التحضر : _bدراسة أساسية لعلم الإجتماع الحضري / |
| 264 | 1 |
_aالقاهرة : _bدار الأمل للطباعة و النشر، _c1978. |
|
| 300 | _a269ص | ||
| 650 | 1 | 7 | _aعلم الإجتماع |
| 650 | 1 | 7 | _aالمجتمع الحضري |
| 942 |
_2ddc _cBK |
||
| 999 |
_c6365 _d6365 |
||